000 00577nmm a2200205Ia 4500
008 251105s9999||||xx |||||||||||||||||und||
020 _a9788475220956
041 _aspa
100 _aYonatán, Natán
245 0 _aApostar al tiempo :
_b Antología poética
264 _a[Madrid, España] :
_bVisor Libros,
_c2008
300 _a228 páginas
490 _aVisor de Poesía
650 _aOther poetry
700 _aYonatán, Natán
700 1 _a Schiller, Ariel
700 1 _a Yonatan, Nili
856 _uhttps://public.digitaliapublishing.com/a/41671
942 _cCF
999 _c72714
_d72714